Ancient Incas / (Record no. 2398)

MARC details
000 -LEADER
fixed length control field 01025cam a2200265 a 4500
005 - DATE AND TIME OF LATEST TRANSACTION
control field 20231204114755.0
020 ## - INTERNATIONAL STANDARD BOOK NUMBER
International Standard Book Number 9780531259795
040 ## - CATALOGING SOURCE
Original cataloging agency DLC
Transcribing agency DLC
Language of cataloging eng
050 00 - LIBRARY OF CONGRESS CALL NUMBER
Classification number F3429.B8493
082 00 - DEWEY DECIMAL CLASSIFICATION NUMBER
Classification number 985.01
100 1# - MAIN ENTRY--PERSONAL NAME
Personal name Burgan, Michael
245 10 - TITLE STATEMENT
Title Ancient Incas /
Statement of responsibility, etc. by Michael Burgan
260 ## - PUBLICATION, DISTRIBUTION, ETC.
Place of publication, distribution, etc. New York :
Name of publisher, distributor, etc. Scholastic,
Date of publication, distribution, etc. 2013
300 ## - PHYSICAL DESCRIPTION
Extent 112 pages
Other physical details Color illustrations, maps ;
Dimensions 24 cm
490 0# - SERIES STATEMENT
Series statement The ancient world
505 0# - FORMATTED CONTENTS NOTE
Formatted contents note Z <br/>
520 ## - SUMMARY, ETC.
Summary, etc. Take a journey back in time to witness the development of history's greatest civilizations! Engaging text and eye-catching images teach you about the history, culture, and daily life of each civilization and show you how each civilization continues to affect our world today!
521 ## - TARGET AUDIENCE NOTE
Target audience note 1050 <br/>
Source Lexile <br/>
521 ## - TARGET AUDIENCE NOTE
Target audience note Z <br/>
Source Raz-Plus <br/>
650 #0 - SUBJECT ADDED ENTRY--TOPICAL TERM
Topical term or geographic name entry element Incas
General subdivision History
-- Juvenile literature.
650 #0 - SUBJECT ADDED ENTRY--TOPICAL TERM
Topical term or geographic name entry element Incas
General subdivision Social life and customs
Form subdivision Juvenile literature.
906 ## - LOCAL DATA ELEMENT F, LDF (RLIN)
a 7
b cbc
c orignew
d 1
e ecip
f 20
g y-gencatlg
942 ## - ADDED ENTRY ELEMENTS (KOHA)
Source of classification or shelving scheme Dewey Decimal Classification
Koha item type Books
Suppress in OPAC No
999 ## -
-- 2398
-- 2398
Holdings
Withdrawn status Lost status Source of classification or shelving scheme Damaged status Not for loan Collection Home library Current library Shelving location Date acquired Total Checkouts Full call number Barcode Date last seen Date last checked out Price effective from Koha item type
    Dewey Decimal Classification     Non-Fiction Footprints International School Library Network Toul Kork Campus Footprints International School Library Network Toul Kork Campus TTP Secondary Non-Fiction Bookshelves 11/23/2023 1 BUR 985.01 F3429.B8493 FISSE00689 10/22/2024 01/10/2024 11/23/2023 Books